Statistics for Corona US States

Click here to take the quiz!

General Stats

  • This quiz has been taken 20 times
  • The average score is 5 of 5

Answer Stats

CasesState% Correct
608,722Florida
100%
684,683California
94%
431,340New York
94%
606,137Texas
94%
260,590Georgia
75%

Score Distribution

Percentile by Number Answered

Percent of People with Each Score

Your Score History

You have not taken this quiz